Miasdmatic diagnosis in homeopathy : (Record no. 127350)
[ view plain ]
| 000 -LEADER | |
|---|---|
| fixed length control field | 00749nam a22002417a 4500 |
| 003 - CONTROL NUMBER IDENTIFIER | |
| control field | dpl |
| 005 - DATE AND TIME OF LATEST TRANSACTION | |
| control field | 20180725141739.0 |
| 008 - FIXED-LENGTH DATA ELEMENTS--GENERAL INFORMATION | |
| fixed length control field | 180725b xxu||||| |||| 00| 0 eng d |
| 010 ## - LIBRARY OF CONGRESS CONTROL NUMBER | |
| LC control number | B-110565,B-110577 |
| 020 ## - INTERNATIONAL STANDARD BOOK NUMBER | |
| Terms of availability | 95.00 |
| International Standard Book Number | 817381435 |
| 035 ## - SYSTEM CONTROL NUMBER | |
| System control number | B-110565 |
| 037 ## - SOURCE OF ACQUISITION | |
| Source of stock number/acquisition | Cen Lib/Ret |
| 040 ## - CATALOGING SOURCE | |
| Original cataloging agency | DPL |
| Language of cataloging | EN |
| Transcribing agency | 0 |
| 082 ## - DEWEY DECIMAL CLASSIFICATION NUMBER | |
| Classification number | 615.53 |
| Item number | MAN |
| 100 ## - MAIN ENTRY--PERSONAL NAME | |
| Personal name | Mandal, Biman |
| 9 (RLIN) | 20238 |
| 245 ## - TITLE STATEMENT | |
| Title | Miasdmatic diagnosis in homeopathy : |
| Statement of responsibility, etc | by Biman Mandal |
| Remainder of title | the scientific medicine part-1 / |
| 260 ## - PUBLICATION, DISTRIBUTION, ETC. (IMPRINT) | |
| Place of publication, distribution, etc | Kolkata |
| Name of publisher, distributor, etc | New Central Book Agency |
| Date of publication, distribution, etc | 2003 |
| 270 ## - ADDRESS | |
| Address | 8/1,Chinta Moni Das Lane |
| City | Kolkata |
| 300 ## - PHYSICAL DESCRIPTION | |
| Extent | 135p. |
| Dimensions | 24cm(Hb) |
| 650 ## - SUBJECT ADDED ENTRY--TOPICAL TERM | |
| Topical term or geographic name as entry element | Homeopathy |
| 9 (RLIN) | 20239 |
| 650 ## - SUBJECT ADDED ENTRY--TOPICAL TERM | |
| Topical term or geographic name as entry element | Miasdmatic Diagnosis |
| 9 (RLIN) | 20240 |
| 942 ## - ADDED ENTRY ELEMENTS (KOHA) | |
| Source of classification or shelving scheme | Dewey Decimal Classification |
| Koha item type | English Books |
| Classification part | 615.53 |
| Call number suffix | MAN |
| Withdrawn status | Lost status | Damaged status | Not for loan | Home library | Current library | Date acquired | Source of acquisition | Cost, normal purchase price | Total Checkouts | Full call number | Barcode | Date last seen | Date checked out | Copy number | Cost, replacement price | Price effective from | Koha item type | Source of classification or shelving scheme | Collection code | Coded location qualifier | Total Renewals | Public note |
|---|---|---|---|---|---|---|---|---|---|---|---|---|---|---|---|---|---|---|---|---|---|---|
| Central Library | Central Library | 29/06/2015 | Cen Lib/Ret | 95.00 | 5 | 615.53 MAN | B-110565 | 23/11/2022 | 10/11/2022 | 1 | 95.00 | 29/06/2015 | English Books | |||||||||
| Patel Nagar | Patel Nagar | 25/07/2018 | BPPD/Pub | 1 | 615.53 MAN | b-110577 | 07/09/2018 | 25/07/2018 | 95.00 | 25/07/2018 | English Books | Dewey Decimal Classification | Non-fiction | 95.00 | 2 | |||||||
| Sarojini Nagar | Sarojini Nagar | 29/03/2019 | 1 | 615.53 MAN | B-110583 | 23/08/2019 | 25/07/2019 | 29/03/2019 | English Books | Dewey Decimal Classification | Non-fiction | 1 | Withdrawn List Prepared L.No.11/8 | |||||||||
| Yojana Vihar | Yojana Vihar | 11/07/2019 | BPPD/PUB | 95.00 | 615.53 MAN | B-110598 | 11/07/2019 | 95.00 | 11/07/2019 | English Books | Dewey Decimal Classification | Non-fiction |
